[Event "DSB-Frauenkader-Challenge 2021"]
[Site "Magdeburg"]
[Date "2021.04.10"]
[Round "6.4"]
[White "Muetsch, Annmarie"]
[Black "Heinemann, Josefine"]
[Result "1-0"]
[WhiteElo "2266"]
[BlackElo "2296"]
[Annotator "TA"]
[PlyCount "73"]
[EventDate "2021.03.30"]
[EventType "tourn"]
[EventCountry "GER"]
[SourceTitle "playchess.com"]
[Source "ChessBase"]
[SourceQuality "1"]

{[%evp 9,72,8,21,19,29,0,0,0,0,0,0,0,25,0,0,0,0,0,21,18,28,-15,-11,-20,-36,-25,0,-15,-10,-13,40,-12,0,-150,-145,-129,-97,-237,-65,-71,33,29,38,23,207,-59,57,48,45,0,104,1,421,302,283,298,645,640,1642,1545,29991,29992,29996,29997,29999]} 1. e4 c5 2. Nf3 d6 3. Bb5+ Nd7 4. Ba4 Ngf6 5. O-O e6 6. Re1 {B51: Sicilian: Moscow Variation (3 Bb5+) without 3...Bd7.} a6 7. c4 Be7 8. Nc3 {The position is equal.} O-O 9. d4 cxd4 $1 10. Nxd4 Ne5 11. Qe2 Qc7 12. Bb3 $1 Bd7 13. f4 Ng6 14. Kh1 {[#]} Kh8 $146 ({Predecessor:} 14... e5 15. Nf5 Bd8 16. fxe5 Nxe5 17. Bf4 Re8 18. Rad1 Bxf5 19. exf5 Qc8 20. Qc2 Ba5 {1-0 (38) Edouard,R (2649)-Keymer,V (2558) Biel 2020}) 15. e5 dxe5 16. fxe5 Ng8 17. Bc2 Bc5 18. Nf3 Bc6 19. Ne4 Ba7 (19... Be7 $11) 20. Neg5 ({Better is} 20. b3 $14) 20... Nh6 21. h3 ({White should try} 21. Bxg6 $11 hxg6 22. b3) 21... Nf5 $17 22. Bxf5 exf5 23. h4 (23. b4 $17 {was called for.}) 23... h6 $2 (23... Rae8 $1 $19 {Threatens to win with ...f6.} 24. h5 Nxe5 $1 {[%mdl 64] Decoy} 25. Nxe5 f6) 24. h5 $15 hxg5 (24... Ne7 $17 25. Nh3 Be4) 25. hxg6 $14 g4 26. Ng5 fxg6 $2 {[#]} (26... f6 $11 {and Black is okay.} 27. Ne6 {[%mdl 64] Double Attack} Qxe5 28. Qxe5 (28. Nxf8 {gets mated.} Qg3 29. Bf4 Qh3+ 30. Bh2 g3 {[%mdl 64] Pin} 31. Qh5+ Qxh5 {[%mdl 64] Pin} 32. Nh7 Qxh2#) 28... fxe5 29. Nxf8 Rxf8 30. Rxe5 f4) 27. Bf4 $2 (27. Rf1 $1 $18 Kg8 28. Qe1) 27... Qb6 (27... Bc5 $1 $15) 28. Rf1 $1 $40 {[%mdl 1152] Hoping for Qe1. White has compensation. Black needs to defend precisely.} Kg8 $1 29. b3 {Black must now prevent Qe1.} (29. Qe1 $5 {[%cal Re1h4]} Qxb2 30. Qg3 $14) 29... Rfd8 {[#]} (29... Qb4 $1 $11) 30. e6 (30. Qe1 $1 $16 {[%cal Re1h4]} Rd3 31. Qh4 Rh3+ 32. Nxh3 gxh3 33. Qxh3) 30... Be4 $2 {[%mdl 8192]} (30... Rd4 $1 $11 {and Black stays safe.} 31. Qe1 Rxf4 32. Rxf4 Qe3) 31. Qe1 {aiming for Qh4.} ({Worse is} 31. Nxe4 Qxe6 32. Ng3 Qf6 $11) 31... Rd3 {...Rh3+! is the strong threat.} 32. Nxe4 {And now Ng5 would win.} fxe4 (32... Qxe6 33. Ng5 Qxe1 34. Raxe1 g3) 33. Qxe4 $18 {[%mdl 64] Double Attack} Rdd8 34. Qxg6 {White wants to mate with Be5.} Re8 35. Be5 {[%csl Ge5][%cal Rg6g7] White mates.} Re7 36. Rf7 {[%csl Ge5,Gf7][%cal Rg6g7]} Qxe6 37. Qxg7# {What a bad dream for Black.  Weighted Error Value: White=0.35/Black=0.74} 1-0

[Event "DSB-Frauenkader-Challenge 2021"]
[Site "Magdeburg"]
[Date "2021.04.11"]
[Round "7.1"]
[White "Heinemann, Josefine"]
[Black "Sieber, Fiona"]
[Result "1/2-1/2"]
[WhiteElo "2296"]
[BlackElo "2275"]
[Annotator "TA"]
[PlyCount "81"]
[EventDate "2021.03.30"]
[EventType "tourn"]
[EventCountry "GER"]
[SourceTitle "playchess.com"]
[Source "ChessBase"]
[SourceQuality "1"]

{[%evp 16,81,24,23,19,16,17,20,16,22,20,16,37,36,98,89,99,94,95,51,43,25,75,91,460,61,45,35,125,77,142,102,179,133,140,143,129,153,150,129,125,95,117,0,215,107,151,0,0,0,0,0,0,0,0,0,0,-2,-2,-2,-2,-109,-110,-110,-110,-110,-110,-110]} 1. e4 e5 2. Nf3 Nc6 3. Bb5 Nf6 4. O-O Nxe4 5. Re1 Nd6 6. Nxe5 Be7 7. Bf1 Nxe5 8. Rxe5 O-O 9. d4 Ne8 {C67: Ruy Lopez: Berlin Defence: 4 0-0 Nxe4.} 10. d5 d6 11. Re1 Bf5 {The position is equal.} 12. c4 Nf6 13. Nc3 Re8 14. Qb3 {[#]} Nd7 $146 (14... Qc8 $14) ({Predecessor:} 14... Rb8 15. Be3 c5 16. h3 Bg6 17. Rad1 a6 18. a4 Nd7 19. Bf4 Qc7 20. Bd3 Bxd3 21. Rxd3 {1-0 (41) Ziaziulkina,N (2350)-Zimina,O (2338) Warsaw 2013}) 15. Qxb7 $16 Nc5 16. Qb4 Bf6 17. Bd2 Be5 $1 18. Qa3 Bd3 19. g3 Qf6 $2 {[%mdl 8192]} (19... Bxf1 $16 {is tougher.} 20. Rxf1 (20. Kxf1 Qd7 $11) 20... Bf6) 20. Be3 $2 (20. Bxd3 $1 $18 Bxg3 21. Bxh7+ $1 {[%mdl 512]} Kxh7 22. hxg3) 20... Bxf1 $14 21. Rxf1 Rab8 (21... Bxc3 $14 22. Qxc3 Qxc3 23. bxc3 Na4) 22. Rab1 Qf5 ({Black should play} 22... Bd4) 23. Nb5 Nd3 (23... Ne4 $16) 24. Bxa7 Ra8 25. Nxc7 {[%mdl 64] Double Attack} Bd4 26. Nxa8 ({Reject} 26. Nxe8 $6 Rxa7 27. Nxd6 Qf3 $11) 26... Rxa8 27. Bxd4 {[%mdl 64] Discovered Attack} Rxa3 28. bxa3 {Intending Rb8+ and mate.} h5 29. Rfd1 (29. Rb8+ $16 Kh7 30. Re8) 29... Qf3 $2 (29... Qe4 $11 30. Be3 h4) 30. h4 (30. c5 $1 $18 {[%cal Rc5c6]} Qxd5 31. Rxd3 dxc5 32. a4 $1) 30... Kh7 {[#]} 31. Rd2 $2 (31. Be3 $1 $16 Ne5 32. Rbc1) 31... Qe4 $40 {[%mdl 128] Black is up to no good.} 32. Rbd1 Ne1 {[%csl Ge1][%cal Re4g2]} 33. Kf1 Nf3 34. Rd3 Nh2+ 35. Kg1 Nf3+ 36. Rxf3 Qxf3 {[%mdl 64] Double Attack} 37. Rd2 Qxa3 {And now ...Qc1+ would win.} 38. Be3 (38. Rd1 $1 $11 {was the only way to keep the balance.}) 38... Qc1+ $17 {[%mdl 64] Double Attack. Black is better.} 39. Kg2 {Black must now prevent c5!} Qxc4 40. Kg1 Kg6 {[%mdl 1024] Black has strong compensation.} 41. Kg2 {Blacks defense is rewarded with a draw.  Weighted Error Value: White=0.55/Black=0.52} 1/2-1/2

[Event "DSB-Frauenkader-Challenge 2021"]
[Site "Magdeburg"]
[Date "2021.04.11"]
[Round "7.2"]
[White "Ziegenfuss, Antonia"]
[Black "Muetsch, Annmarie"]
[Result "1/2-1/2"]
[WhiteElo "2101"]
[BlackElo "2266"]
[Annotator "TA"]
[PlyCount "146"]
[EventDate "2021.03.30"]
[EventType "tourn"]
[EventCountry "GER"]
[SourceTitle "playchess.com"]
[Source "ChessBase"]
[SourceQuality "1"]

{[%evp 15,146,28,58,0,19,2,0,-16,0,0,0,0,26,39,36,29,39,35,33,-26,-20,-21,-20,-54,-55,-62,-70,-82,-92,-91,-67,-67,-65,-64,-66,-66,-59,-123,-120,-120,-120,-141,-120,-146,-120,-120,-120,-184,-127,-184,-184,-291,-184,-330,-184,-291,-184,-184,-184,-184,-184,-184,-184,-184,0,-184,-184,-184,-83,-83,-83,-83,-83,-83,-83,-83,-83,-83,-83,-83,-83,-83,-83,-110,-110,-110,-110,-110,-110,-110,-110,-110,-110,-110,-110,-110,-110,-110,-110,-110,-110,-110,-110,-110,-110,-110,-110,-110,-110,-110,0,-110,-110,-110,-95,-83,-95,-90,-93,-102,-102,-89,-93,-95,0,-103,-103,-103,-103,-102,-102,-100,-109]} 1. d4 Nf6 2. c4 g6 3. Nc3 Bg7 4. e4 d6 5. Be2 O-O 6. Be3 Na6 {[%cal Bb8a6,Ba6c7,Bc7e6][%mdl 32]} 7. Nf3 e5 8. O-O c6 {Nowadays more popular than 8...Ng4.} 9. h3 {E94: King's Indian: Classical: 6 Be2 e5 7 0-0: Various Black 7th moves.} exd4 $1 10. Bxd4 (10. Qxd4 Ng4 $1 $15) 10... Re8 11. Nd2 {The position is equal.} Nc7 {[#]} 12. Re1 $146 ({Predecessor:} 12. Bf3 Be6 13. Re1 d5 14. exd5 cxd5 15. cxd5 Nfxd5 16. Bxg7 Kxg7 17. Nde4 Nxc3 18. Nxc3 Qxd1 19. Raxd1 {½-½ (34) Adamcik,R (2046)-Stull,N (2081) Rogaska Slatina 2011}) 12... Ne6 13. Be3 d5 14. cxd5 cxd5 15. exd5 Nxd5 16. Nxd5 Qxd5 17. Nc4 (17. Bc4 $14 Qf5 18. g4) 17... Nd4 $11 18. Bxd4 Bxd4 19. Rc1 Rd8 20. Bf3 Qg5 21. Qd2 Qxd2 22. Nxd2 {[#]} Bxf2+ $1 23. Kxf2 Rxd2+ {[%mdl 64] Double Attack} 24. Re2 Rxe2+ 25. Kxe2 $15 {[%mdl 4096] Endgame KRB-KRB} Be6 $1 26. a3 {[#]} (26. Bxb7 $15 Rb8 27. Rc7) 26... Rc8 $1 $17 {[%cal Rc8c1]} 27. Rxc8+ Bxc8 {KB-KB} 28. Ke3 Kf8 29. Kd4 b6 30. b4 Ke7 31. a4 (31. h4 $17) 31... Kd6 (31... g5 $19 32. Bh5 f6) 32. a5 (32. h4 $17) 32... Bd7 $19 33. g4 (33. Bd1 $142) 33... f6 34. h4 (34. axb6 {was called for.} axb6 35. h4) 34... h6 (34... bxa5 $142 35. bxa5 h6) 35. Be2 (35. axb6 {was the only defense.} axb6 36. Be2) 35... g5 36. hxg5 hxg5 ({Resist} 36... fxg5 37. Bf3 $17) 37. axb6 axb6 38. Ke4 Be6 39. Bd1 Bd7 40. Be2 Kc6 41. Kd4 f5 (41... Bc8 $19 {is more deadly.} 42. Ke4 Bd7) 42. gxf5 $17 Bxf5 43. Ke5 Bc8 44. Kf6 g4 45. Ke5 Kc7 {aiming for ...g3.} 46. Kf4 Kd6 47. Bc4 Be6 48. Be2 Kd5 49. b5 Kd4 50. Kg3 Ke3 51. Bf1 Bf5 {Hoping for ...Bd3.} 52. Bc4 Bd3 53. Be6 Bxb5 54. Kxg4 Be2+ 55. Kf5 b5 {[%cal Bb6b5,Bb5b4][%mdl 32]} 56. Ke5 Bc4 {( -> ...Bxe6)} 57. Bd7 b4 {Threatens to win with ...b3.} 58. Ba4 Bf7 59. Kd6 Kd4 60. Bd1 Be8 61. Bb3 Bb5 62. Bd1 Be8 63. Bb3 $1 Kc3 64. Be6 Ba4 65. Kc5 Bb3 66. Bd7 Bf7 {Strongly threatening ...b3.} (66... Ba2 {with more complications.} 67. Ba4 Bc4 68. Bd1 Bf1 69. Ba4 Bd3) 67. Ba4 Bh5 68. Bc2 Be8 ({Reject} 68... Kxc2 $6 69. Kxb4 $11) 69. Bd1 Bf7 70. Ba4 Bc4 {Black is better.} 71. Bd1 Bb3 72. Bg4 Ba2 73. Bd1 Bb1 {Weighted Error Value: White=0.16/Black=0.17} 1/2-1/2

[Event "DSB-Frauenkader-Challenge 2021"]
[Site "Magdeburg"]
[Date "2021.04.11"]
[Round "7.3"]
[White "Paehtz, Elisabeth"]
[Black "Schneider, Jana"]
[Result "1/2-1/2"]
[WhiteElo "2467"]
[BlackElo "2272"]
[Annotator "TA"]
[PlyCount "90"]
[EventDate "2021.03.30"]
[EventType "tourn"]
[EventCountry "GER"]
[SourceTitle "playchess.com"]
[Source "ChessBase"]
[SourceQuality "1"]

{[%evp 11,90,0,23,17,9,-4,3,2,8,10,33,25,105,56,63,57,39,45,49,43,39,42,45,41,42,61,48,0,0,0,0,0,0,0,0,0,0,0,12,12,71,6,83,0,0,0,0,0,0,0,0,0,0,0,0,0,0,0,0,0,0,0,0,0,0,0,0,0,0,0,0,0,0,0,0,0,0,0,0,0,0]} 1. Nf3 d5 2. e3 Nf6 3. c4 e6 4. b3 Be7 5. Bb2 O-O 6. Nc3 b6 7. cxd5 {A13: English Opening: 1...e6.} Nxd5 8. Qc2 {[#]} Ba6 $146 ({Predecessor:} 8... c5 9. a3 Ba6 10. h4 f5 11. Rd1 Bxf1 12. Kxf1 Nc6 13. g3 Bf6 14. Kg2 Qd7 {0-1 (34) Fier,A (2558)-Ladva,O (2500) Batumi 2018}) 9. Nxd5 exd5 10. h4 h6 11. Rh3 Bxf1 (11... Bc8 $1 $11) 12. Kxf1 $16 Nd7 $1 13. Qc6 Bf6 14. d4 Nc5 15. dxc5 Bxb2 16. Rd1 Qe7 17. Rg3 ({Don't blunder} 17. Qxd5 $2 Rfd8 $19) 17... Bf6 18. Rxd5 Rad8 19. Kg1 Bxh4 20. Nxh4 Qxh4 21. cxb6 cxb6 {[#] Strongly threatening ...Rc8.} 22. Qc3 {[%csl Gg3][%cal Rc3g7]} g6 23. Rh3 Qxh3 24. Rxd8 $11 {[%mdl 4096] Endgame KQR-KQR} Qh5 25. Rd7 Qf5 (25... a5 $11 {keeps the balance.}) 26. Qd2 (26. Rxa7 $16 Rc8 27. Qa1) 26... Rc8 (26... a5 $11) 27. Rd8+ (27. Rxa7 $16 Rc2 28. Qd8+ Kh7 29. f4 Rxa2 {[%mdl 64] Decoy} 30. Rxa2 Qb1+ 31. Kh2 Qxa2 32. Qxb6) 27... Rxd8 {The position is equal.} 28. Qxd8+ {KQ-KQ} Kg7 {Hoping for ...Qb1+.} 29. Qd4+ Kg8 30. e4 Qa5 31. a4 b5 32. g3 bxa4 33. bxa4 Qe1+ 34. Kg2 a5 35. e5 (35. Kf3 {seems wilder.} h5 36. e5 Kh7 37. Kf4 Qc1+ 38. Kf3) 35... h5 36. Qd5 Kg7 37. Qd4 {[#] Threatens to win with e6+.} Kg8 38. Qf4 Kg7 39. Qf6+ Kg8 40. e6 Qxe6 41. Qd8+ Kh7 {...Qe4+ is the strong threat.} 42. Qxa5 Qe4+ 43. Kg1 h4 {( -> ...h3)} 44. gxh4 Qg4+ 45. Kf1 Qd1+ {Weighted Error Value: White=0.10/Black=0.12} 1/2-1/2

[Event "DSB-Frauenkader-Challenge 2021"]
[Site "Magdeburg"]
[Date "2021.04.11"]
[Round "7.4"]
[White "Lubbe, Melanie"]
[Black "Bashylina, Luisa"]
[Result "1-0"]
[WhiteElo "2274"]
[BlackElo "1978"]
[Annotator "TA"]
[PlyCount "113"]
[EventDate "2021.03.30"]
[EventType "tourn"]
[EventCountry "GER"]
[SourceTitle "playchess.com"]
[Source "ChessBase"]
[SourceQuality "1"]

{[%evp 10,113,10,4,11,0,0,0,0,0,0,0,0,2,47,0,2,5,22,-8,13,0,0,-11,0,0,8,0,0,0,0,0,0,0,34,33,41,19,98,107,145,125,236,201,210,216,213,186,271,86,73,79,80,77,86,78,71,65,481,456,583,571,532,568,1041,802,943,889,723,615,1182,523,578,578,568,564,730,657,710,692,1033,985,1725,1639,29989,795,788,735,1767,1764,1756,1727,1747,1544,1584,1542,1449,1422,29985,29986,29987,29988,29988,29989,29990,29989]} 1. c4 e5 2. g3 Nf6 3. Bg2 d5 4. cxd5 Nxd5 5. Nc3 Nxc3 6. bxc3 Nc6 {A22: English Opening: 1...e5 2 Nc3 Nf6.} 7. Rb1 Bc5 8. Qa4 Bd7 {[#] The position is equal.} 9. Qc2 $146 ({Predecessor:} 9. Nf3 O-O 10. O-O Re8 11. d3 Nd4 12. Qd1 Nxf3+ 13. Bxf3 Bh3 14. Re1 Bb6 15. c4 {1-0 (57) Smit,F (2054)-Van Putten,F ICCF email 2014}) 9... O-O 10. Nf3 Rb8 11. O-O Re8 12. d3 (12. d4 $5 exd4 13. cxd4 Bxd4 14. Rd1 $11) 12... h6 13. Nd2 Be6 14. Ne4 Be7 15. Be3 b6 16. f4 f5 {Hoping for ...exf4.} 17. Nd2 Bd5 18. fxe5 Bxg2 19. Kxg2 {d4 is the strong threat.} Qd5+ {[%mdl 64] Double Attack} 20. Kg1 {Strongly threatening d4.} Qxe5 21. Rf3 Bg5 22. Bxg5 hxg5 23. Rf2 g6 (23... Qe3 $11 {remains equal.}) 24. e4 $16 Rf8 25. d4 Qf6 (25... Qe7 $16 {might work better.} 26. exf5 Rxf5) 26. g4 f4 27. e5 Qe6 28. Ne4 Qe7 (28... Rbe8 {was necessary.} 29. Rbf1 (29. Nxg5 Qxg4+ 30. Rg2 Qf5 $16) 29... Kg7 30. Nxg5 Qxg4+ 31. Rg2 Qf5) 29. Rf3 $2 (29. Nf6+ $18 {is more deadly.} Kg7 30. h4) 29... Kg7 30. Re1 $36 {[%mdl 2048] Keeping Black busy.} Rbd8 31. h3 Rh8 32. Kg2 Na5 33. Qd3 Kh6 $2 {[%mdl 8192] [#] Loses the game.} (33... c6 $14) 34. h4 $1 $18 Qe6 35. hxg5+ Kg7 36. Rxf4 Qxa2+ 37. Rf2 Qd5 38. Qg3 Nc4 39. Kg1 c5 40. Qf3 (40. Rf6 $142) 40... Rdf8 41. Nf6 {Intending Ne8+! and mate.} Qxf3 42. Rxf3 cxd4 43. cxd4 Rh4 {intending ...Rfh8.} 44. Kf2 Nd2 45. Rc3 Rh2+ 46. Kg3 {Threatening mate with e6.} Rfh8 {[#]} 47. Nh5+ $1 {[%mdl 512]} gxh5 48. Kxh2 Nf3+ 49. Rxf3 {White threatens gxh5 and mate.} hxg4+ 50. Kg3 gxf3 {[%mdl 4096] Endgame KR-KR} 51. e6 Kf8 52. d5 Ke7 53. Kxf3 Rh3+ 54. Kf4 {White mates.} Rd3 55. Ke5 b5 56. g6 b4 57. Rg1 {Weighted Error Value: White=0.28/Black=0.67} 1-0